000 00583nam a22002177a 4500
003 OSt
005 20160309143619.0
008 160309b xxu||||| |||| 00| 0 eng d
020 _a9780226493534
040 _cDDC
082 _a371.1 LOR 2002
100 _aLortie, Dan C.
_97185
245 _aSchool-Teacher: a sociological study
250 _a2nd ed.
260 _aThe University of Chicago Press, 2002
300 _axxii,284p; ill: 22cm
504 _aNotes, References, & index included
650 _aLearning
_97186
650 _aSociolization
_97187
942 _2z
_cO_SHELF
999 _c3209
_d3209